Breakfast at Tiffany's / (Record no. 200468060)

MARC details
000 -LEADER
fixed length control field 02907cam a2200481 i 4500
001 - CONTROL NUMBER
control field 200468060
003 - CONTROL NUMBER IDENTIFIER
control field TR-AnTOB
005 - DATE AND TIME OF LATEST TRANSACTION
control field 20260413100905.0
007 - PHYSICAL DESCRIPTION FIXED FIELD--GENERAL INFORMATION
fixed length control field ta
008 - FIXED-LENGTH DATA ELEMENTS--GENERAL INFORMATION
fixed length control field 260413s1973 enk 000 1 eng
010 ## - LIBRARY OF CONGRESS CONTROL NUMBER
LC control number 93043633
020 ## - INTERNATIONAL STANDARD BOOK NUMBER
International Standard Book Number 0140016074
Qualifying information (paperback)
035 ## - SYSTEM CONTROL NUMBER
System control number (CaAwUCM)29428498-01ucs_ucm
System control number (OCoLC)29428498
Canceled/invalid control number (OCoLC)150815715
-- (OCoLC)731270871
System control number (OCoLC)ocm29428498
System control number (EXLNZ-01UCS_NETWORK)9912317509706531
System control number (TR-AnTOB)200468060
040 ## - CATALOGING SOURCE
Original cataloging agency DLC
Language of cataloging eng
Description conventions rda
Transcribing agency DLC
Modifying agency JBO
-- CSP
-- NVC
-- BAKER
-- YDXCP
-- OCLCQ
-- BTCTA
-- OCLCG
-- EDX
-- VUE
-- DEBBG
-- CDX
-- BGTON
-- O2H
-- BDX
-- OCLCQ
-- OCLCO
-- ZGH
-- P4I
-- OCLCQ
-- OCLCO
-- OCLCF
-- OCLCO
-- QGQ
-- TXDRI
-- WLU
-- OCLCQ
-- OCLCO
-- TL4
-- OCLCO
-- LKC
-- YUS
-- OCLCO
-- SDG
-- OCLCO
-- OCL
-- XTA
-- OCLCO
-- OCLCA
-- OCL
-- OCLCO
-- YBM
-- OCL
-- OCLCO
-- OCLCL
-- OCLCQ
-- IG#
-- YBM
-- OCLCO
-- OCLCL
-- YBM
-- OCLCO
-- TR-AnTOB
041 0# - LANGUAGE CODE
Language code of text/sound track or separate title İngilizce
043 ## - GEOGRAPHIC AREA CODE
Geographic area code n-us-ny
050 04 - LIBRARY OF CONGRESS CALL NUMBER
Classification number PS3505.A59
Item number A6 1973
090 ## - LOCALLY ASSIGNED LC-TYPE CALL NUMBER (OCLC); LOCAL CALL NUMBER (RLIN)
Classification number (OCLC) (R) ; Classification number, CALL (RLIN) (NR) PS3505.A59
Local cutter number (OCLC) ; Book number/undivided call number, CALL (RLIN) A6 1973
100 1# - MAIN ENTRY--PERSONAL NAME
Personal name Capote, Truman,
Dates associated with a name 1924-1984
Relator term author
Relator code aut
Authority record control number or standard number http://id.loc.gov/authorities/names/n79104227
9 (RLIN) 53170
245 10 - TITLE STATEMENT
Title Breakfast at Tiffany's /
Statement of responsibility, etc. Truman Capote.
264 #1 - PRODUCTION, PUBLICATION, DISTRIBUTION, MANUFACTURE, AND COPYRIGHT NOTICE
Place of production, publication, distribution, manufacture Harmondsworth ;
Name of producer, publisher, distributor, manufacturer Penguin Books,
Date of production, publication, distribution, manufacture, or copyright notice 1973.
300 ## - PHYSICAL DESCRIPTION
Extent 157 pages ;
Dimensions 18 cm
336 ## - CONTENT TYPE
Content type term text
Content type code txt
Source rdacontent
337 ## - MEDIA TYPE
Media type term unmediated
Media type code n
Source rdamedia
338 ## - CARRIER TYPE
Carrier type term volume
Carrier type code nc
Source rdacarrier
505 0# - FORMATTED CONTENTS NOTE
Formatted contents note Breakfast at Tiffany's -- House of flowers -- A diamond guitar -- A Christmas memory.
520 ## - SUMMARY, ETC.
Summary, etc. Holly Golightly, a naïve, eccentric socialite meets Paul Varjak, a struggling writer who moves into her apartment building.
Summary, etc. House of flowers: The story of Ottilie, a young woman from Haiti, whose only power is in deciding which life of submission she will lead, one as a prostitute or one as the wife of Royal Bonaparte, a native from the mountains.
Summary, etc. A diamond guitar: The title refers to the prize possession of a young prison inmate, a rhinestone-studded guitar. The guitar serves as the key image of the story, one of friendship, despair and isolation.
Summary, etc. A Christmas memory is a semi-autobiographical piece about his childhood in rural Alabama with his eccentric, older female cousin, often referred to as his "friend" or "Aunt Sook". The story focuses on their unique bond and their shared experiences during the Christmas season, particularly their tradition of making and sharing fruitcake.
610 20 - SUBJECT ADDED ENTRY--CORPORATE NAME
Corporate name or jurisdiction name as entry element Tiffany and Company
Form subdivision Fiction
9 (RLIN) 153573
651 #0 - SUBJECT ADDED ENTRY--GEOGRAPHIC NAME
Geographic name New York (N.Y.)
Form subdivision Fiction
9 (RLIN) 101083
655 #7 - INDEX TERM--GENRE/FORM
Genre/form data or focus term Short stories
Source of term lcgft
Authority record control number http://id.loc.gov/authorities/genreForms/gf2014026542
9 (RLIN) 153047
Genre/form data or focus term Humorous fiction
Source of term lcgft
Authority record control number http://id.loc.gov/authorities/genreForms/gf2014026377
9 (RLIN) 5235
Genre/form data or focus term Christmas fiction
Source of term lcgft
Authority record control number http://id.loc.gov/authorities/genreForms/gf2017026011
9 (RLIN) 153574
942 ## - ADDED ENTRY ELEMENTS (KOHA)
Source of classification or shelving scheme Library of Congress Classification
Koha item type Book
Holdings
Withdrawn status Lost status Source of classification or shelving scheme Not for loan Collection code Home library Current library Shelving location Date acquired Source of acquisition Inventory number Total Checkouts Full call number Date last seen Copy number Date shelved Koha item type Public note
    Library of Congress Classification Ödünç Verilemez-Kurumiçi kullanım / Not for loan-For inhouse use Genel Koleksiyon Tıp Fakültesi Medikal Kütüphane Tıp Fakültesi Medikal Kütüphane Genel Koleksiyon / Main Collection 18/03/2026 Bağış / Donation İDE   PS3505.A59 A6 1973 TıpFaK 13/04/2026 1 13/04/2026 Book Donated by Prof. Dr. Şükrü Cin
Devinim Yazılım Eğitim Danışmanlık tarafından Koha'nın orjinal sürümü uyarlanarak geliştirilip kurulmuştur.